| 000 | 00577 a2200193 4500 | ||
|---|---|---|---|
| 001 | 62009 | ||
| 005 | 20260407155914.0 | ||
| 008 | 260407a1974 arg spa d | ||
| 003 | AR-UNSa-BCEJYS | ||
| 040 |
_aAR-UNSa-BCEJYS _bspa _cAR-UNSa-BCEJYS |
||
| 080 |
_a349.22:331.106 _xContrato de trabajo |
||
| 245 | 1 | 0 |
_aLey general de contrato de trabajo de la República Argentina _pNº 20.744 |
| 264 | 1 |
_aBuenos Aires : _bAbeledo Perrot _c1974 |
|
| 300 |
_a497 p. _c23 cm. |
||
| 041 | _aspa | ||
| 942 | _cBK | ||
| 590 | _aniveau_biblio:m niveau_hierar:0 | ||
| 100 | 1 | _aPrado, Pedro F. | |
| 999 |
_c7540 _d7540 |
||